MARC

Tag First Indicator Second Indicator Subfields
LEADER 00000cam a2200000 a 4500
001 in00000019128
005 20211120063234.0
008 870325s1987 azu b 10000 eng
010 |a  87009378  
020 |a 0879180684 (pbk.) 
035 |a (OCoLC)15520810 
035 |9 AAB4214AM 
040 |a DLC  |c DLC  |d TXA  |d UtOrBLW 
043 |a cc-----  |a n-us---  |a nwcu--- 
049 |a TXAM  |c [A11112671] 
050 0 0 |a F2169  |b .C46 1987 
082 0 |a 972.9/052  |2 19 
245 0 0 |a Central America & the Caribbean :  |b today & tomorrow /  |c edited and with an introduction by Barbara A. Lafford. 
264 1 |a Tempe :  |b Center for Latin American Studies, Arizona State University,  |c [1987] 
264 4 |c [©1987] 
300 |a 133 pages ;  |c 23 cm. 
336 |a text  |b txt  |2 rdacontent 
337 |a unmediated  |b n  |2 rdamedia 
338 |a volume  |b nc  |2 rdacarrier 
500 |a "Papers presented at a conference, October 31, 1986, Arizona State University; sponsored by Center for Latin American Studies, Arizona Council for the Social Studies, Arizona Humanities Council." 
504 |a Includes bibliographies. 
505 0 |a Caribbean and Central American literature and art / Emil Volek -- Caribbean alternatives, Cuba and Puerto Rico / Juan M. Garcia Passalacqua -- The novel of the Cuban revolution, phase five, 1975-1986 / Seymor Menton -- The role of women in Cuba / K. Lynn Stoner -- Central American alternatives, Nicaragua and Costa Rica / Jennie K. Lincoln -- United States relations with Central America and the Caribbean / Thomas L. Karnes. 
651 0 |a Caribbean Area  |x Civilization  |x Congresses. 
651 0 |a Caribbean Area  |x Politics and government  |y 1945-  |x Congresses. 
650 0 |a Women  |z Cuba  |x History  |y 20th century  |x Congresses. 
651 0 |a Caribbean Area  |x Foreign relations  |z United States  |x Congresses. 
651 0 |a United States  |x Foreign relations  |z Caribbean Area  |x Congresses. 
700 1 |a Lafford, Barbara A. 
710 2 |a Arizona State University.  |b Center for Latin American Studies. 
710 2 |a Arizona Council for the Social Studies. 
710 2 |a Arizona Humanities Council. 
740 0 |a Central America and the Caribbean. 
999 |a MARS 
999 f f |s 23129332-5990-37f5-a07a-280068642fcb  |i 741f301b-eed9-3bcc-9793-e58cbd2c83f0  |t 0 
952 f f |p ric  |a Texas A&M University  |b Rellis Campus  |c Joint Library Facility  |d Remote Storage  |t 0  |e F2169 .C46 1987  |h Library of Congress classification  |i unmediated -- volume  |m A14811112671 
998 f f |a F2169 .C46 1987  |t 0  |l Remote Storage